ბათუმის შოთა რუსთაველის სახელმწიფო უნივერსიტეტის ბიბლიოთეკა

Современная математика и ее преподавание.. (ბიბ.ჩანაწერი № 39090)

000 -LEADER
fixed length control field 00689nam a2200205Ia 4500
001 - CONTROL NUMBER
control field 5659
003 - CONTROL NUMBER IDENTIFIER
control field GE_BSU
008 - FIXED-LENGTH DATA ELEMENTS--GENERAL INFORMATION
fixed length control field 181216s||||||||xx |||||||||||||| ||und||
040 ## - CATALOGING SOURCE
Transcribing agency GE_BSU
080 ## - UNIVERSAL DECIMAL CLASSIFICATION NUMBER
Universal Decimal Classification number 51(072)(075.8)
100 ## - MAIN ENTRY--PERSONAL NAME
Personal name Кудрявцев Л.Д.
245 ## - TITLE STATEMENT
Title Современная математика и ее преподавание..
245 ## - TITLE STATEMENT
Remainder of title Учеб пособие для. студ. математических спец. ун-тов и пед. ин-тов
260 ## - PUBLICATION, DISTRIBUTION, ETC.
Place of publication, distribution, etc. Москва
260 ## - PUBLICATION, DISTRIBUTION, ETC.
Name of publisher, distributor, etc. Наука
260 ## - PUBLICATION, DISTRIBUTION, ETC.
Date of publication, distribution, etc. 1980
300 ## - PHYSICAL DESCRIPTION
Extent 142с.20 см.
653 ## - INDEX TERM--UNCONTROLLED
Uncontrolled term Современная математика и ее преподавание.
942 ## - ADDED ENTRY ELEMENTS (KOHA)
Koha item type წიგნი
ეგზემპლარები
Withdrawn status Lost status Damaged status Not for loan Date acquired Barcode Date last seen Price effective from Koha item type
        2018-12-17 16304 2018-12-17 2018-12-17 წიგნი